LEADER 02316cam0-22004571i-450 001 990004887400403321 005 20230215154946.0 035 $a000488740 035 $aFED01000488740 035 $a(Aleph)000488740FED01 100 $a19990604g17771786km-y0itay50------ba 101 0 $aita 102 $aIT 105 $ay-------001yy 200 1 $aStoria della letteratura italiana dell'abate Girolamo Tiraboschi bibliotecario del serenissimo duca di Modena. Tomo primo [-decimo] 210 $aNapoli$ca spese di Giovanni Muccis. Sotto il campanile di s. Lorenzo magg.re$d1777-1786 215 $a10 v. in 13$d4° 327 1 $a1.: Che comprende la storia della letteratura degli etruschi, de'popoli della Magna Grecia, dell'antica Sicilia, e de'romani, fino alla morte di Augusto. - 1777$a2.: Dalla morte di Augusto, sino alla caduta dell'impero occidentale. - 1777$a3.: Dalla rovina dell'impero occidentale, fino all'anno MCLXXXIII. - 1777$a4.: Dall'anno MCLXXXIII, fino all'anno MCCC. - 1777$a5.: Dall'anno MCCC, fino all'anno MCCCC. - 1777$a6.: Dall'anno MCCCC, fino all'anno MD. Parte prima [-seconda]. - 1780-1781$a7.: Dall'anno MD, fino all'anno MDC. Parte prima [-terza]. - 1781$a8.: Dall'anno MDC, fino all'anno MDCC. - 1781$a9.: Che contiene le aggiunte, e le correzioni. - 1786$a10.: Che contiene l'indice generale di tutta l'opera 620 $aItalia.$dNapoli 700 1$aTiraboschi,$bGirolamo$f<1731-1794>$0181075 801 0$aIT$bUNINA$gRICA$2UNIMARC 901 $aAQ 912 $a990004887400403321 952 $aSG 850 B/11 (1-10)$bBib. 13.789$fFLFBC 952 $aXXI B 289 (1)$b889$fFGBC 952 $aXXI B 289 (2)$b889$fFGBC 952 $aXXI B 289 (3)$b889$fFGBC 952 $aXXI B 289 (4)$b889$fFGBC 952 $aXXI B 289 (5)$b889$fFGBC 952 $aXXI B 289 (6.1)$b889$fFGBC 952 $aXXI B 289 (6.2)$b889$fFGBC 952 $aXXI B 289 (7.1)$b889$fFGBC 952 $aXXI B 289 (7.2)$b889$fFGBC 952 $aXXI B 289 (7.3)$b889$fFGBC 952 $aXXI B 289 (8)$b889$fFGBC 952 $aXXI B 289 (9)$b889$fFGBC 952 $aXXI B 289 (10)$b889$fFGBC 959 $aFLFBC 959 $aFGBC 996 $aStoria della letteratura italiana dell'abate Girolamo Tiraboschi bibliotecario del serenissimo duca di Modena. Tomo primo$93007983 997 $aUNINA LEADER 02677nam 2200685Ia 450 001 9911004891303321 005 20251116174331.0 010 $a9786611905675 010 $a9781933995403 010 $a1933995408 010 $a9781281905673 010 $a1281905674 010 $a9781598759136 010 $a1598759132 035 $a(CKB)1000000000335473 035 $a(EBL)254856 035 $a(OCoLC)475969638 035 $a(SSID)ssj0000311949 035 $a(PQKBManifestationID)11211266 035 $a(PQKBTitleCode)TC0000311949 035 $a(PQKBWorkID)10329911 035 $a(PQKB)10216985 035 $a(MiAaPQ)EBC254856 035 $a(Au-PeEL)EBL254856 035 $a(CaPaEBR)ebr10379670 035 $a(OCoLC)615632719 035 $a(Perlego)532644 035 $a(MiAaPQ)EBC686307 035 $a(Au-PeEL)EBL686307 035 $a(EXLCZ)991000000000335473 100 $a20060120d2006 uy 0 101 0 $aeng 135 $aur|n|---||||| 181 $ctxt 182 $cc 183 $acr 200 10$aTrapped $ewhen acting ethically is against the law /$fJohn Hasnas 205 $a1st ed. 210 $aWashington, D.C. $cCato Institute$d2006 215 $a1 online resource (135 p.) 300 $aDescription based upon print version of record. 311 08$a9781930865884 311 08$a1930865880 320 $aIncludes bibliographical references. 327 $aDedications; Table of Contents; 1. Introduction; Part I: The Evolution of White-Collar Crime; 2. The Nature of White-Collar Crime; 3. Problems of Enforcement; 4. The Solutions - Corporate Criminal Responsibility; 5. The Solutions - New Offenses; 6. The Solutions - The Organizational Sentencing Guidelines; Part II: The Effect of the Federal Campaign; 7. Five Ethical Dilemmas; 8. Organizational Justice; 9. Privacy; 10. Confidentiality; 11. Trust; 12. Ethical Self-Assessment; 13. Conclusion; Notes; Index; About the Author; Cato Institute 330 $aSince Enron's collapse in 2002, the federal government has stepped up its campaign against white-collar crime. This book reveals how the government's effort to enforce legal rules has created a Catch-22 legal environment in which businesspeople must either act unethically or illegally. 606 $aWhite collar crimes$zUnited States 606 $aCrime$zUnited States 615 0$aWhite collar crimes 615 0$aCrime 676 $a346.7306648 676 $a364.16/80973 700 $aHasnas$b John$01822033 801 0$bMiAaPQ 801 1$bMiAaPQ 801 2$bMiAaPQ 906 $aBOOK 912 $a9911004891303321 996 $aTrapped$94388075 997 $aUNINA